000 01119nas a2200253 i 4500
001 173579
003 ES-MaACL
005 20250409172257.0
008 091210c1906 sp | | ||pa d
080 _a347
110 2 _aEspaña.
_bDirección General de los Registros Civil y de la Propiedad y del Notariado.
_9159704
245 1 0 _aAnuario /
_cMinisterio de Gracia y Justicia, Dirección General de los Registros Civil y de la Propiedad y del Notariado.
260 _aMadrid :
_bMinisterio de Gracia y Justicia,
_c1906-
300 _a32 v. ;
_c25 cm.
310 _aAnual
655 7 _2tgfbne
_9226822
_aAnuarios
710 0 _aEspaña.
_bDirección General de los Registros y del Notariado.
_93751
852 _aES-MaACL
_jHem-H-109
_dOlim: Hem-901
_cHEM
_9180275
856 _32011-
_uhttps://www.mjusticia.gob.es/es/areas-actuacion/documentacion-publicaciones/publicaciones/anuario-direccion-general
_yMinisterio de Justicia
866 0 _o1905-1908,1910,1913-1917,1919-1932,1934,1959-1964,1974.
942 _2udc
_cPERIODICA
999 _c173579
_d173579